| 000 | 00438nam a2200181Ia 4500 | ||
|---|---|---|---|
| 001 | 20141 | ||
| 005 | 20260306172744.0 | ||
| 008 | 260306t1987||||xx |||||||||||||| ||spa|| | ||
| 041 | _aESP | ||
| 082 |
_a342.5384 _bM84 |
||
| 100 |
_aMontenegro, Walter _eAUT |
||
| 245 | 0 | _aOportunidades perdidas Bolivia y el mar | |
| 260 | _c1987 | ||
| 300 |
_a243 páginas : _c19 cm. |
||
| 650 | _aGEN | ||
| 654 | _aCDE | ||
| 942 |
_cLIB _dJUS _fJUS _2ddc _n |
||
| 999 |
_c20141 _d20141 |
||